Responses for show #6424 - Thursday, July 19, 2012

Contestants

Shelly Green, a medical malpractice attorney from Woodmere, New York

Mike McStravick, a homicide detective from Houston, Texas

Julie Bratvold Ghanbari, a stay-at-home mom from San Diego, California (whose 1-day cash winnings total $18,001)

Jeopardy! Round responses

PUT ME IN, MOVIE COACH!
BOOKS & AUTHORS
MONEY TALKS
EARLY AMERICA
PHOTOGRAPHY
RHYME HUB
    $200 23
(Alex: Yes, Tom Hanks.)

A League of Their Own

Shelly
    $200 1
James Joyce

Mike
    $200 27
the floor

Mike
    $200 6
women

Julie
    $200 15
silver

Shelly
    $200 30
a shrub

Mike
    $400 16
(Henry) Winkler

Mike
    $400 2
In Cold Blood

Shelly
    $400 17
shareholders (or stockholders)

Mike
    $400 7
(Mike: What is New Amsterdam?)
(Julie: What is New Holland?)

New Netherland

JulieMike
Triple Stumper
    $400 19
memory cards

Mike
    $400 29
a pub

Shelly
    $600 14
The Bad News Bears

Julie
    $600 3
(Julie: What is The Three Musketeers?)
(Shelly: What is Les Miserables?)

The Hunchback of Notre-Dame

JulieMikeShelly
    $1,200 11
a progressive income tax

Mike
    $600 8
Captain Kidd

Mike
    $600 20
(Louis) Daguerre

Mike
    $600 28
snub

Shelly
    $800 12
Paul Newman

Shelly
    $800 4
Pasternak

Mike
    $800 18
municipal bonds

Mike
    $800 9
St. Augustine

Shelly
    $800 22
filters

Mike
    $800 25
a cherub

Julie
    $1000 13
Gene Hackman

Shelly
    $1000 5
The Tell-Tale Heart

Julie
    $1000 21
the P/E ratio (price to earnings ratio)

Julie
    $1000 10
(Sir Francis) Drake

Mike
    $1000 24
oxygen

Triple Stumper
    $1000 26
a (Chicago) Cub

Mike

Scores at the first commercial break (after clue 13):

Julie Mike Shelly
$200 $4,000 $2,400

Scores at the end of the Jeopardy! Round:

Julie Mike Shelly
$2,600 $8,800 $3,800

Double Jeopardy! Round responses

POPES' NAMES
DOOBIE-OUS FACTS
RIVER COUNTRY
5 NOT ALL DEADLY "CIN"s
MAD MEN
THE NEW YORK TIMES DINING
    $400 11
"What A Fool Believes"

Triple Stumper
    $400 1
Italy

Julie
    $400 17
a carcinogen

Shelly
    $400 12
France

Mike
    $800 9
Benedict

Julie
    $800 18
"Jesus"

Julie
    $800 2
(Shelly: What is Burma?)

Thailand

JulieShelly
    $800 6
cinnamon

Julie
    $800 13
the FCC (Federal Communications Commission)

Mike
    $1200 20
John

Mike
    $1200 19
The 40-Year-Old Virgin

Triple Stumper
    $3,000 3
Russia

Julie
    $1200 7
(Shelly: Precinct. What is precinct?)

vicinity

JulieShelly
    $1200 14
the Mad Bomber

Shelly
    $1200 24
a red velvet cake

Mike
    $1600 21
Urban

Shelly
    $1600 4
(Mike: What is Australia?)
(Shelly: What is New Zealand?)

Canada

MikeShelly
Triple Stumper
    $1600 8
a cinch

Mike
    $1,600 15
"Mad Anthony" Wayne

Shelly
    $1600 22
Yellow Tail

Triple Stumper
    $2000 25
Leo

Shelly
    $2000 26
(Mike: [No response])
...
[The end-of-round signal sounds.]

"China Grove"

Mike
Triple Stumper
    $2000 5
(Mike: What is Portugal?)

Spain

MikeShelly
    $2000 10
ricin

Julie
    $2000 16
Turkey

Mike
    $2000 23
(Shelly: What is sushi?)

ceviche

JulieShelly

Scores at the end of the Double Jeopardy! Round:

Julie Mike Shelly
$14,400 $10,400 $7,000

[wagering suggestions for these scores]

Final Jeopardy! Round responses

ANTHROPOLOGY
ShellyWhat is Lucy?
$3,500
MikeWhat is Lucy?
$10,400
JulieWhat is Sheba?
$6,401
Lucy

Final scores:

Julie Mike Shelly
$7,999 $20,800 $10,500
3rd place: $1,000 New champion: $20,800 2nd place: $2,000

Game dynamics:

Coryat scores:

Julie Mike Shelly
$12,600 $9,800 $7,000
14 R
(including 1 DD),
2 W
21 R
(including 1 DD),
4 W
14 R
(including 1 DD),
5 W

Combined Coryat: $29,400

The J! Archive is created by fans, for fans. The Jeopardy! game show and all elements thereof, including but not limited to copyright and trademark thereto, are the property of Jeopardy Productions, Inc. and are protected under law. This website is not affiliated with, sponsored by, or operated by Jeopardy Productions, Inc. Join the discussion at JBoard.tv.